000 00943nam a2200313Ia 4500
001 Para_10258
003 CHAP
008 220125s2013 xx 000 0 und d
010 _a208946
020 _a978 - 0 - 89054 - 420 - 4
040 _cCHAP
082 _aPA 632.952 F86 2013
245 _aFungicides for field crops /
_c Editado Dare S. Mueller...[et.al.]
260 _aSt. Paul, Minnesota :
_b APS Press
300 _a112 p.
500 _aIncluye referencias bibliográficas e índice
650 _aFungicidas
_944044
700 _aI.Mueller, Daren S., ed.
_9175250
700 _aII.Wise, Kiersten A., ed.
_9175251
700 _aIII..Dufault, Nicholas S., ed.
_9175252
700 _aIV.Bradley, Carl A., ed.
_9175253
901 _aPA 632.952 F86 2013
902 _aA
905 _a5232202013 an 8000000300 00
910 _a2013
942 _cPARA
942 _cPARA
_d1
999 _c208946
_d208946